00313nam a2200133Ia 4500008004100000020001500041041001200056100001900068245003200087250000900119260002900128300000800157650001400165221030s9999 xx 000 0 und d a8183331630 aEnglish aY. P. Kanetkar 0aLet Us Ccby Y. P. Kanetkar a13th bBPB PubaNew Delhic2013 a656 aComputers